00518nam a22001692 4500001001100000005001700011008004100028020001700069040001500086100003000101245009200131250001300223260003800236300002000274650005100294852000300345000001949620151217154433.0101221s xx 000 0 eng d a0421738409 : aKABUcKABU1 aUglow, Steve.@000017920510aCriminal justice /cSteve Uglow with Lisa Dickson, Deborah Cheney and Katherine Doolin. a1st ed. aLondon :bSweet & Maxwell,c2002. axxxiii, 474 p. 0aCriminal procedurezGreat Britain.@00001778081